000
00203nam a22000857a 4500
008
160711b xxu||||| |||| 00| 0 eng d
100
_9
2539
_a
Gupta, V.P
245
_a
Mathematics - III
260
_a
NCERT
_c
2003
999
_c
2205
_d
2205